000 03021nkm0a2200421 4500
001 RU\NLR\BIBL_A\022785394
005 20260426080839.0
035 _a(NLR Aleph) 022785394
090 _a13697266
_c13697266
100 _a20260415d1913 u y0rusy50 ca
101 0 _arus
_afre
102 _aRU
116 _adiybxx zz ae
181 0 _ab4
_bxb2e
182 0 _an
200 1 _aТуркестан
_h№ 3
_iФасад мечети "Азрета Яссави"
_eпочтовая карточка
203 _aИзображение
_bнеподвижное
_bдвухмерное
_bвизуальное
_cнепосредственное
210 _a[Москва]
_cизд. Контрагентства А. С. Суворина и Ко.
_d1913
_eМосква
_gФототипия Шерер, Набгольц и Ко.
215 _a1 л.
_cфототип.
_d8,7х14
300 _aЗагл. также на фр. яз.: Tourkestan
316 _aЭкз. РНБ на шифре Э ОТ63/Т880, Э184332: на адрес. стороне рукоп. записи чернилами (текст на рус. яз., дата: "15/IV 914", имя и адрес получателя: "Ее Высокоблагородию Марии Васильевне Гальцевич. С.-Петербург. Петерб. стор. Большой пр. 5 кв. 8"), почт. штемпель 1914 г., почт. марка, владел. штемпель: "Собрание Н.С. Тагрина, Ноябрь, 1929 года"
_5NLR: Э ОТ63/Т880
327 0 _aМавзолей Ходжи Ахмеда Ясави в городе Туркестане
517 1 _aTourkestan
_zfre
601 0 2 _aМавзолей Ахмеда Ясави. г. Туркестан
_jОткрытки
_91547416
_3RU\NLR\AUTH\66675428
606 1 _aПочтовые открытки маркированные художественные
_yРоссия
_z1895 - 1917
_92195710
_3RU\NLR\AUTH\6601555036
606 1 _aФотографические открытки
_92151039
_3RU\NLR\AUTH\661600135
610 1 _aВидовые открытки
617 _aРоссия
_cСыр-Дарьинская область
_cЧимкентский уезд
_dТуркестан, город
_eМавзолей Ходжи Ахмеда Ясави
686 0 _aЩ153(2Р=Рус)53-489
702 1 _4390
_aТагрин
_bН.С.
_f1907-1981
_gНиколай Спиридонович
_9134320
_3RU\NLR\AUTH\770134354
712 0 0 _4650
_aСуворин,
_cМосква
_gА. С.,
_hконтрагентство
_9282121
_3RU\NLR\AUTH\885228
712 0 2 _4610
_a"Шерер, Набгольц и К°", фототипия
_cМосква
_9764868
_3RU\NLR\AUTH\8810134434
830 _ahttps://ru.wikipedia.org/wiki/Мавзолей_Ходжи_Ахмеда_Ясави (14.04.2026). АЯ ОЭФ
852 0 0 _aNLR
_bЭ
_jОТ63/Т880
_mЭ184332
942 _cVISUAL
980 _aNB